000 00423nam a2200133Ia 4500
008 231221s9999 xx 000 0 und d
020 _a978-0-387-09684-1
041 _aEnglish
100 _aBarbara Russo, Ernesto Damiani, Scott Hissam, Björn Lundell, Giancarlo Succi
245 0 _aOpen Source Development, Communities and Quality
260 _c2008
_bSpringer US
_aNew York
650 _aComputer Science
942 _cEB
999 _c217953
_d217953